Psychology (Record no. 2264)
[ view plain ]
| 000 -LEADER | |
|---|---|
| fixed length control field | 00290nam a2200121Ia 4500 |
| 008 - FIXED-LENGTH DATA ELEMENTS--GENERAL INFORMATION | |
| fixed length control field | 190802s9999 xx 000 0 und d |
| 020 ## - INTERNATIONAL STANDARD BOOK NUMBER | |
| International Standard Book Number | 978-93-325-7944-6 |
| 100 ## - MAIN ENTRY--PERSONAL NAME | |
| Personal name | Saundra K.Ciccarelli |
| 245 #0 - TITLE STATEMENT | |
| Title | Psychology |
| 260 ## - PUBLICATION, DISTRIBUTION, ETC. (IMPRINT) | |
| Place of publication, distribution, etc | Australia |
| Name of publisher, distributor, etc | Pearson |
| Date of publication, distribution, etc | 2017 |
| 300 ## - PHYSICAL DESCRIPTION | |
| Extent | 784:p |
| 942 ## - ADDED ENTRY ELEMENTS (KOHA) | |
| Koha item type | Books |
| Withdrawn status | Lost status | Damaged status | Not for loan | Collection code | Permanent Location | Current Location | Shelving location | Date acquired | Total Checkouts | Total Renewals | Full call number | Barcode | Date last seen | Date checked out | Price effective from | Koha item type | Source of classification or shelving scheme |
|---|---|---|---|---|---|---|---|---|---|---|---|---|---|---|---|---|---|
| | | | | Psychology | MAJU | MAJU | Shelf No.B35 | 2019-08-03 | 2 | 3 | 150 | 8887 | 2025-01-02 | 2024-12-12 | 2019-08-03 | Psychology | |
| | | | | | MAJU | MAJU | Shelf No.A35 | 2019-10-08 | 2 | | 150 | 9341 | 2024-07-08 | 2020-01-09 | 2019-10-08 | Psychology | |
| | | | | | MAJU | MAJU | | 2020-03-04 | 2 | | 150 | 9607 | 2023-01-16 | 2023-01-13 | 2020-03-04 | Psychology | |